000 00616nam a2200217Ii 4500
003 JO-AjNU
008 230606s9999||||xx |||||||||||||| ||und||
020 _a81-239-1550-0
040 _aJO-AjNU
_beng
_erda
_cJO-AjNU
041 _aeng
050 1 4 _aTL725.3 2015
100 3 _aSaxena , Subhash,
_eauthor
_94250
245 0 0 _aAirport Engineering planning and Design
250 _a1 ed
264 3 1 _aCBS PUB , 2015
300 _a396p
336 _atext
_btxt
_2rdacontent
337 _aunmediated
_bn
_2rdamedia
338 _avolume
_bnc
_2rdacarrier
650 4 _aAirport Engineering -planning and Design
_94251
999 _aE2210
_c2208
_d2208